00818cam a22002411i 4500001001300000003000400013005001700017008004100034010001700075035002000092040001700112042001200129050001700141100003200158245011000190260003400300300002700334490004900361500002300410500009900433700002900532999001500561af 49001188 DLC20260227110918.0720120s1944 be a 000 0 dut  aaf 49001188  a(OCoLC)34384376 aDLCcNNdDLC apremarc00aPZ17.V35bR31 aVelde, Anton van de,d1895-10aRadèske,been kwajongensspel in drie bedrijven, vijf tafereelen. Dansen en deuntjes door Jos de Klerk. aBrugge,bDe Kinkhoren,c1944. a150 p.billus.c21 cm.0 aOpbouwen, tooneel-uitgaven,v5. reeks, nr 37 aWithout the music. aVol. 1 of a trilogy of which v. 2. is entitled: Radijs and v. 3, Radijs en Bot op sterrevaart.1 aKlerk, Joseph de,d1885- c6876d6876